Percy Jackson Characters - Statistics

General Stats
  • This quiz has been taken 83 times
  • The average score is 20 of 36
Answer Stats
Answer % Correct
Annabeth
100%
Grover
100%
Percy
100%
Poseidon
84%
Luke
83%
Nico
83%
Clarisse
81%
Zeus
81%
Chiron
80%
Jason
78%
Thalia
78%
Bianca
72%
Leo
72%
Piper
72%
Frank
70%
Apollo
69%
Hazel
64%
Hades
63%
Charles
58%
Hera
58%
Will
58%
Ares
55%
Reyna
48%
Rachel
45%
Aphrodite
44%
Tyson
42%
Juniper
34%
Calypso
28%
Meg
22%
Sally Jackson
16%
Daedalus
9%
Gaea
9%
Pan
9%
Caligula
2%
Nero
2%
Commodus
0%
No matching quizzes found
Score Distribution
Percent of People with Each Score
Percentile by Number Answered
Your Score History
You have not taken this quiz